Cuestiones limítrofes Ecuador-Peru / (Record no. 24323)
[ view plain ]
| 000 -CABECERA | |
|---|---|
| campo de control de longitud fija | 00938nam a2200253 a 4500 |
| 001 - NÚMERO DE CONTROL | |
| campo de control | 000024830 |
| 005 - FECHA Y HORA DE LA ÚLTIMA TRANSACCIÓN | |
| campo de control | 20200930023408.0 |
| 008 - DATOS DE LONGITUD FIJA--INFORMACIÓN GENERAL | |
| campo de control de longitud fija | 110203s1997 ec r 000 e spa d |
| 020 ## - NÚMERO INTERNACIONAL ESTÁNDAR DEL LIBRO | |
| Número Internacional Estándar del Libro | 997892146X |
| 040 ## - FUENTE DE LA CATALOGACIÓN | |
| Centro catalogador/agencia de origen | DO-SdBNP |
| Lengua de catalogación | spa |
| Centro/agencia transcriptor | BNPHU |
| 082 ## - NÚMERO DE LA CLASIFICACIÓN DECIMAL DEWEY | |
| Número de clasificación | 341.42 |
| Número de documento/Ítem | N964c |
| 049 ## - FONDOS LOCALES (OCLC) | |
| Fondos de biblioteca | BNGR |
| 100 1# - ENTRADA PRINCIPAL--NOMBRE DE PERSONA | |
| Nombre de persona | Núñez Sánchez, Jorge |
| 9 (RLIN) | 13245 |
| 245 10 - MENCIÓN DE TÍTULO | |
| Título | Cuestiones limítrofes Ecuador-Peru / |
| Mención de responsabilidad, etc. | Jorge Núñez Sánchez; edición Fernando Herrera Baldeón. |
| 260 ## - PUBLICACIÓN, DISTRIBUCIÓN, ETC. | |
| Lugar de publicación, distribución, etc. | Quito, (Ecuador) : |
| Nombre del editor, distribuidor, etc. | Archivo Histórico de la Casa de la Cultura Ecuatoriana, |
| Fecha de publicación, distribución, etc. | 1997. |
| 300 ## - DESCRIPCIÓN FÍSICA | |
| Extensión | 182 p. ; |
| Dimensiones | 21 cm. |
| 651 #4 - PUNTO DE ACCESO ADICIONAL DE MATERIA--NOMBRE GEOGRÁFICO | |
| Nombre geográfico | Ecuador |
| Subdivisión general | Geografía Política |
| 9 (RLIN) | 50958 |
| 651 #4 - PUNTO DE ACCESO ADICIONAL DE MATERIA--NOMBRE GEOGRÁFICO | |
| Nombre geográfico | Perú |
| Subdivisión general | Geografía Política |
| 9 (RLIN) | 50959 |
| 650 #4 - PUNTO DE ACCESO ADICIONAL DE MATERIA--TÉRMINO DE MATERIA | |
| Término de materia o nombre geográfico como elemento de entrada | Geopolítica |
| 9 (RLIN) | 18428 |
| 650 #4 - PUNTO DE ACCESO ADICIONAL DE MATERIA--TÉRMINO DE MATERIA | |
| Término de materia o nombre geográfico como elemento de entrada | Relaciones internacionales |
| Subdivisión geográfica | Ecuador |
| 9 (RLIN) | 50960 |
| 650 #4 - PUNTO DE ACCESO ADICIONAL DE MATERIA--TÉRMINO DE MATERIA | |
| Término de materia o nombre geográfico como elemento de entrada | Relaciones internacionales |
| Subdivisión geográfica | Perú |
| 9 (RLIN) | 50961 |
| 700 1# - PUNTO DE ACCESO ADICIONAL--NOMBRE DE PERSONA | |
| Nombre de persona | Fernando Herrera Baldeón |
| Término indicativo de función/relación | ed. |
| 9 (RLIN) | 50962 |
| 700 1# - PUNTO DE ACCESO ADICIONAL--NOMBRE DE PERSONA | |
| Nombre de persona | Rodríguez Castelo, Hernán, |
| Término indicativo de función/relación | pról. |
| 9 (RLIN) | 4689 |
| Estado de retiro | Estado de pérdida | Restricciones de uso | No para préstamo | Código de colección | Localización permanente | Ubicación/localización actual | Ubicación en estantería | Fecha de adquisición | Número de inventario | Total de préstamos | Signatura topográfica completa | Código de barras | Fecha visto por última vez | Precio válido a partir de | Tipo de ítem Koha | Número de copia |
|---|---|---|---|---|---|---|---|---|---|---|---|---|---|---|---|---|
| Monografías: Libros y Folletos | General | General | En catalogación | 04.02.2011 | LF1 | 341.42 N964c | 24830-10 | 25.06.2020 | 25.06.2020 | Préstamo en sala | ||||||
| Excluido de préstamo | Monografías: Libros y Folletos | General | General | En catalogación | 04.02.2011 | LF1 | 341.42 N964c | 24830-20 | 25.06.2020 | 25.06.2020 | No se presta | e.2 |
